01354nam a2200325 a 450000500170000000800410001702000150005804000250007304100080009804400070010608200190011310000230013224501890015526000510034430000290039549000400042450501060046450500310057065000590060165000360066065000710069665000770076765000470084470000250089170000200091670000230093670000220095970000240098170000230100520160906102200.0140220b1996 mx |||||r|||| 00| 0 eng d a0642244294 aCO-BoIAVHcCO-BoIAVH0 aeng amx04a333.9516bY68r1 aYoung, M.D.eautor10aReimbursing the future : ban evaluation of motivational, voluntary, price-based, property-right and regulatory incentives for the conservation of biodiversitycM. D. Young [y otros 6] aMéxico : bCommonwealth of Australia,c1996. a2 volúmenes ; c30 cm.0 aBiodiversity series ; vPaper No. 90 aVol. 1: A report to the biodiversity unit of the departament of the environment, spot and territories0 aVol. 2: Part 2-appendicess26aConservación de la diversidad biológicazAustralia26aPolítica ambientalzAustralia26aConservación de la diversidad biológicaxIncentivoszAustralia26aConservación de la diversidad biológicavEstudios de casozAustralia26aConservación de la naturalezazAustralia1 aGunnigham, N.eautor1 aElix, J.eautor1 aLambert, J.eautor1 aHoward, B.eautor1 aGrabosky, P.eautor1 aMcCrone, E.eautor